Drug therapy for mental disorders caused by a medical condition

Bibliographic Details
Main Author: Libal, Joyce
Format: Book
Published: Philedelphia : Mason Crest Publishers , 2004
Series:Psychiatric disorders:drugs and psychology for the mind and body
Subjects:

MARC

LEADER 00000cam a2200000 7i4500
001 0000018286
005 20080616.0
008 080604
020 |a 1590845676 
090 0 0 |a 616.0019   |b LIB 
100 1 |a Libal, Joyce 
245 1 0 |a Drug therapy for mental disorders caused by a medical condition   |c Joyce Libal 
260 |a Philedelphia :   |b Mason Crest Publishers ,   |c 2004 
440 |a Psychiatric disorders:drugs and psychology for the mind and body 
650 0 |a Disease 
650 0 |a Medicine 
650 0 |a Psychiatry 
999 |a 0001015742   |b Book   |c Adult Collection   |e Cawangan Batu Pahat 
999 |a 0001015743   |b Book   |c Adult Collection   |e Cawangan Batu Pahat